000
00359nam a2200133Ia 4500
008
100328s9999 xx 000 0 und d
082
_b
56865
100
_a
वाळिंबे सुरेश
245
_a
अद्वैत
260
_b
श्रीस्वामी
630
_a
अद्वैत
730
_a
अद्वैत
942
_c
BOOK
999
_c
543364
_d
543361